000 00609nam a22001937a 4500
005 20251108172649.0
008 250721s2003 xx 000 0 ara d
082 1 4 _a219/بصر
100 1 _aالبصرى، إسماعيل بن إسحاق
_eمؤلف
245 1 0 _aفضل الصلاة على النبي صلى الله عليه وسلم /
264 1 _aعمان :
_bدار العلوم،
_c2003.
300 _a180 ص
650 1 7 _aالحديث
650 1 7 _aعلوم الحديث
650 1 7 _aالسيرة النبوية
700 1 _aتيم، أسعد
_eمحقق
942 _2ddc
_cBK
999 _c85306
_d85306